Statystyki dla Miasta z Największą liczbą drapaczy chmur w Europie

Kliknij tutaj aby rozwiązać quiz!

Ogólne statystyki

  • Ten quiz został rozwiązany 110 razy
  • Średni wynik to 7 z 10

Statystyki odpowiedzi

Hint0Odpowiedź% Poprawnych
284Paryż
96%
343Londyn
95%
510Madryt
95%
157Warszawa
94%
442Moskwa
93%
471Stambuł
76%
195Petersburg
68%
58Mediolan
57%
186Frankfurt
55%
59Rotterdam
20%

Rozkład punktacji

Percentyl według liczby udzielonych odpowiedzi

Procent ludzi z każdym wynikiem

Twoja historia wyników

Nie rozwiązałeś tego quizu